000 00810nam a22002897a 4500
001 000417
003 DO-SdBNP
005 20180130151004.0
007 000417
008 160722b 1994 sp ||||| |||| 00| 0 spa d
020 _a8434837692
040 _aBPMSU
_bspa
_cBPMSU
092 _axxxxx
_bxxxxx
100 1 _aMeister, Nicole,
_d1973-
240 1 0 _aMoon Jonas.
_lEspañol
245 1 0 _aMoon Jonas /
_cNicole Meister ; traducción del alemán, Marinella Terzi.
250 _a3a ed.
260 _aMadrid :
_bSM,
_c1992.
300 _a188 p. ;
_b21 cm.
490 1 _aGran angular
_v121
500 _aTraducción de: Moon Jonas
700 1 2 _aTerzi, Marinella,
_etr.
830 0 _aGran angular ;
_v121
942 _2ddc
_cBK
945 _aInventariado, 2018/ YL
956 _aLOPEREZ
_b10
_cBPMSU
999 _c11013
_d11013